000 00372nam a22001337a 4500
020 _a0-471-59873-9
040 _cJohn Wiley
082 _a620.118
_bC5321 P
100 _aChiang, Yet - Ming
_9134400
245 _aPhysical Ceramics
_bPrinciples for Ceramic Science and Engineering
260 _aCanada
_bJohn Wiley
_c1997
300 _axiv, 522p.
_c26cm.
942 _2ddc
_cREF
999 _c617381
_d617381